000 00304nam a2200121Ia 4500
008 190216s9999||||xx |||||||||||||| ||und||
100 _aAhammed Moulavi N K
245 0 _aAikyasangavum Kerala Muslimgalum
260 _bYuvatha Book House
_c2000
300 _a57
650 _aIslamic History
942 _cBK
999 _c22966
_d22966